|
|
|
|
| LEADER |
00000nam a2200000 a 4500 |
| 001 |
UCV3704 |
| 003 |
CL-VaPUC |
| 008 |
910703e19800000US |||||||||||||||||eng|d |
| 082 |
0 |
4 |
|a 633.34
|b COR
|2 21
|
| 100 |
0 |
|
|a Corbin, Frederick T
|e author
|9 297999
|
| 245 |
1 |
0 |
|a World soybean research conference II: proceedings Edited by Frederich T. Corbin
|
| 300 |
|
|
|a 897 p
|
| 942 |
|
|
|c BK
|
| 945 |
|
|
|d 19910703 00:00:00
|
| 260 |
|
|
|a Boulder
|b Westview
|c 1980
|
| 650 |
|
7 |
|a SOYA
|2 CL-VaPUC
|9 259579
|
| 650 |
|
7 |
|a PRODUCTOS DE SOYA
|2 CL-VaPUC
|9 259580
|
| 650 |
|
0 |
|a Congresos
|9 257560
|
| 583 |
|
|
|a last modification
|c 19910703 00:00:00
|k Rodrigo Vera
|
| 999 |
|
|
|c 210843
|d 210841
|
| 952 |
|
|
|0 0
|1 0
|4 0
|6 633_340000000000000_COR_1980
|7 0
|8 A
|9 187772
|a BIBALI
|b BIBALI
|c GEN
|d 2019-11-14
|i 2553031
|o 633.34 COR 1980
|p 2553031
|r 2025-01-20
|w 2019-11-14
|y BK
|k ALI
|